000 01100nam a2200301 a 4500
001 14682
003 (BD RjUL)
005 20211208235654.0
008 140208s1963 njua b 001 0 eng
035 _a(BD RjUL)14736
040 _aDLC
_cDLC
_d(BD RjUL)
_beng
041 _aeng
082 _a658.4
_bCYB 1963
100 1 _aCyert, Richard Michael,
_d1921-1998
_945765
245 1 2 _aA behavioral theory of the firm /
_cRichard M. Cyert,
260 _aEnglewood Cliffs :
_bPrentice-Hall,
_c1963, [reprinted 1964]
300 _aix, 332 p. :
_bill. ;
_c24 cm.
490 1 _aPrentice-Hall international series in management
490 1 _aPrentice-Hall behavioral sciences in business series
504 _aIncludes bibliography and index.
650 0 _aIndustrial management
_xMathematical models.
_98119
650 0 _aDecision making
_xMathematical models.
_945766
700 1 _aMarch, James G.
_9230489
830 0 _aPrentice-Hall international series in management
_9230490
830 0 _aPrentice-Hall behavioral sciences in business series
_9230491
942 _2ddc
_cBK
999 _c14682
_d14682